000 01567nam a2200313 a 4500
001 000026959
003 DO-SdBNP
005 20180327114030.0
007 000026959
008 110328t1990 dr ac 001 0dspa d
040 _aBPMSU
_bspa
_cBPMSU
092 _a972.93053
_bV422tr 1990
100 1 _aVega, Bernardo,
_d1938-
245 1 4 _aLos Trujillo se escriben /
_cBernardo Vega.
250 _a2a. ed.
260 _aSanto Domingo :
_bFundación Cultural Dominicana,
_c1990
300 _a202 p. :
_bil., retrs. ;
_c28 cm.
500 _aIncluye índice onomástico.
500 _aIncluye datos biográficos del autor en la contracubierta.
504 _aBibliografía : p. 191.
505 0 _gIntroducción --
_tCorrespondencia entre Trujillo y sus familiares --
_tCorrespondencia entre Ramfis y sus médicos y psiquiatras --
_tCorrespondencia relativa a los parientes extrajeros de la familia Trujillo --
_tFamilia Chevalier en Haití --
_tFamilia Trujillo en Cuba --
_tCorrespondencia entre Rafael L. Trujillo y su familia política. Los dictadores latinoamericanos --
_tFuentes de los documentos --
_gÍndice onomástico.
600 1 4 _aTRUJILLO MOLINA, RAFAEL LEÓNIDAS,
_d1891-1961
_xFAMILIA
_xCORRESPONDENCIA, MEMORIAS, ETC.
650 4 _aTRUJILLO (FAMILIA)
_xCORRESPONDENCIA, MEMORIAS, ETC.
651 4 _aREPÚBLICA DOMINICANA
_xHISTORIA
_yERA DE TRUJILLO, 1930-1961
_xCORRESPONDENCIA, MEMORIAS, ETC.
910 _aValidado. Control de calidad EMS.
942 _2ddc
_cBK
945 _aRemanejado para BNPHU / 2017 VM
956 _aVMATEO
_b10
_c20150430
_lBPMSU
_h00151
999 _c7766
_d7766